Communication skills handbook

Guardat en:
Dades bibliogràfiques
Autor principal: Summers, Jane
Format: Llibre
Idioma:Undetermined
Publicat: Melbourne John Wiley & Sons Australia, Ltd 2006
Matèries:
Etiquetes: Afegir etiqueta
Sense etiquetes, Sigues el primer a etiquetar aquest registre!
Thư viện lưu trữ: Trung tâm Học liệu Trường Đại học Cần Thơ
LEADER 00583nam a2200193Ia 4500
001 CTU_100090
008 210402s9999 xx 000 0 und d
020 |c 271000 
082 |a 651.721 
082 |b S955 
100 |a Summers, Jane 
245 0 |a Communication skills handbook 
245 0 |c Jane Summers, Brett Smith 
260 |a Melbourne 
260 |b John Wiley & Sons Australia, Ltd 
260 |c 2006 
650 |a Business communication,Commercial correspondence,Public speaking,Listening 
904 |i Hiếu 
980 |a Trung tâm Học liệu Trường Đại học Cần Thơ